Japan's Official Development Assistance White Paper 2014. Japan's International Cooperation (Record no. 10982)
[ view plain ]
| 000 -LEADER | |
|---|---|
| campo de control de longitud fija | 00416nam a2200145Ia 4500 |
| 001 - NÚMERO DE CONTROL | |
| campo de control | 4078 |
| 008 - DATOS DE LONGITUD FIJA--INFORMACIÓN GENERAL | |
| campo de control de longitud fija | 241024s9999 xx 000 0 und d |
| 082 ## - NÚMERO DE LA CLASIFICACIÓN DECIMAL DEWEY | |
| Número de clasificación | 370/M667j/2015 |
| 100 ## - ENTRADA PRINCIPAL--NOMBRE DE PERSONA | |
| Nombre de persona | Ministry of Foreign Affairs |
| 245 #0 - MENCIÓN DEL TÍTULO | |
| Título | Japan's Official Development Assistance White Paper 2014. Japan's International Cooperation |
| 260 ## - PUBLICACIÓN, DISTRIBUCIÓN, ETC. | |
| Nombre del editor, distribuidor, etc. | Japon |
| Fecha de publicación, distribución, etc. | 2015 |
| 590 ## - NOTA LOCAL (RLIN) | |
| Nota local | si |
| 901 ## - ELEMENTOS DE DATOS A LOCAL LDA (RLIN) | |
| a | 16/3/2016 11:19:50 a.m. |
No items available.